000 01762nam0a2200409 4500
001 RU\NLR\bibl\415791
005 20260407060146.0
010 _a5-89879-046-2
_9300
021 _aRU
_b2003-24274
_91132
035 _a(NLR Aleph) 000409797
090 _a627834
_c627834
100 _a20030627d2003 |||y0rusy50 ca
101 0 _arus
102 _aRU
105 _aa |||||||||
200 1 _aГражданское общество и бизнес
_eМежвуз. науч. сб.
_fУрал. соц.-экон. ин-т Акад. труда и соц. отношений, Челяб. ин-т (фил.) Рос. гос. торгово-экон. ун-та
_g[Редкол.: С. И. Кубицкий и др.]
210 _aЧелябинск
_cФотохудожник и др.
_d2003
215 _a142 с.
_cил.
_d21
320 _aБиблиогр. в конце ст.
606 0 _aПредпринимательство
_jСборники
_xИстория
_92189214
_3RU\NLR\auth\661316074
610 0 _aГражданское общество
610 0 _aГосударственное регулирование экономики
610 0 _aПредпринимательство
675 _a334.012.32(082)
_v3
_zrus
686 _a06.75
_2rugasnti
686 _a65.292
_2rubbk
686 _aУ010.66я43
686 _aУ9(2)-17(2Р)я43
702 1 _aКубицкий
_bС. И.
_gСергей Иванович
_4340
711 0 2 _aУральский социально-экономический институт
_cЧелябинск
_3RU\NLR\AUTH\8810026940
_9552037
801 0 _aRU
_bRKP
_c20030627
_gPSBO
801 1 _aRU
_bRKP
_c20030627
801 2 _aRU
_bNLR
_c20030722
_grcr
942 _cBOOK
980 _aNB
980 _aNBR